000
00228nam a22000857a 4500
008
160701b xxu||||| |||| 00| 0 eng d
100
_9
1737
_a
Gupta, R.G
245
_a
New Course Composite Mathematics
260
_a
New Delhi
_b
Arya
_c
2005
999
_c
1443
_d
1443